000 00349nam a2200145Ia 4500
008 200103s9999||||xx |||||||||||||| ||und||
040 _aIMU-MPC
082 _aColumn-10
100 _aHannan, T.E.
245 0 _aStrategy of Propeller Design
250 _a1st Ed.
260 _bThomas Reed Publications Ltd.
_c1971
300 _avii, 87
942 _cBK
999 _c4419
_d4419